Statistiques concernant Personnages célèbres - Série 14

Cliquez ici pour prendre le quiz!

Statistiques générales

  • Ce quiz a été pris 139 fois
  • Le résultat moyen est 7 sur 15

Statistiques - réponses

Réponse% Correct
Will Smith
84%
Tom Hanks
76%
Alfred Hitchcock
74%
Claire Chazal
74%
Morgan Freeman
69%
Jacques Martin
63%
Mathilde Seigner
61%
Steven Spielberg
60%
Bernadette Laffont
35%
Claude Rich
34%
Claude Pompidou
28%
Nicole Croisille
28%
James Stewart
20%
Gary Cooper
18%
Louis Jouvet
12%

Distribution des résultats

Percentile par nombre de réponses

% des personnes avec chaque résultat

Votre développement - résultats

Vous n’avez pas pris ce quiz